NLSUI OPAC header image

Money, the financial system, and the economy / (Record no. 20918)

MARC details
000 -LEADER
fixed length control field 02081pam a2200289 a 4500
005 - DATE AND TIME OF LATEST TRANSACTION
control field 20260508052458.0
008 - FIXED-LENGTH DATA ELEMENTS--GENERAL INFORMATION
fixed length control field 960923s1997 maua b 001 0 eng
020 ## - INTERNATIONAL STANDARD BOOK NUMBER
International Standard Book Number 0201847590 (hbk.)
050 00 -
-- HG173
-- .H8 1997
082 00 - DEWEY DECIMAL CLASSIFICATION NUMBER
Classification number 332.1 HUB
100 1# - MAIN ENTRY--PERSONAL NAME
Personal name Hubbard, R. Glenn.
245 10 - TITLE STATEMENT
Title Money, the financial system, and the economy /
Statement of responsibility, etc. R. Glenn Hubbard.
250 ## - EDITION STATEMENT
Edition statement 2nd ed.
260 ## - PUBLICATION, DISTRIBUTION, ETC.
Place of publication, distribution, etc. United States of America :
Name of publisher, distributor, etc. Addison Wesley Longman,
Date of publication, distribution, etc. 1997.
300 ## - PHYSICAL DESCRIPTION
Extent xxxiii, 759 p. ;
Other physical details ill. ;
Dimensions 24 cm.
365 ## - TRADE PRICE
Price amount RS. 200
440 #4 - SERIES STATEMENT/ADDED ENTRY--TITLE
Title The Addison-Wesley series in economics
505 ## - Contents
Contents Table of Contents<br/><br/>Part 1: Foundations;<br/><br/>1. Introducing Money and the Financial System;<br/>2. Money and the Payments System;<br/>3. Interest Rates and Rates of Return;<br/>4. Determining Interest Rates;<br/><br/>Part 2: Financial Markets;<br/><br/>5. The Risk Structure and Term Structure of Interest Rates;<br/>6. The Stock Market, Information, and Financial Market Efficiency;<br/>7. Derivatives and Derivative Markets;<br/>8. The Market for Foreign Exchange;<br/><br/>Part 3: Financial Institutions;<br/><br/>9. Transactions Costs, Asymmetric Information, and the Structure of the Financial System;<br/>10. The Economics of Banking;<br/>11. Beyond Commercial Banks: Shadow Banks and Nonbank Financial Institutions;<br/>12. Financial Crises and Financial Regulation;<br/><br/>Part 4: Monetary Policy;<br/><br/>13. The Federal Reserve and Central Banking;<br/>14. The Federal Reserve’s Balance Sheet and the Money Supply Process;<br/>15. Monetary Policy;<br/>16. The International Financial System and Monetary Policy;<br/><br/>Part 5: The Financial System and the Macroeconomy;<br/><br/>17. Monetary Theory I: The Aggregate Demand and Aggregate Supply Model;<br/>18. Monetary Theory II: The IS—MP Model
650 #0 - SUBJECT ADDED ENTRY--TOPICAL TERM
Topical term or geographic name entry element Finance.
650 #0 - SUBJECT ADDED ENTRY--TOPICAL TERM
Topical term or geographic name entry element Money.
650 #0 - SUBJECT ADDED ENTRY--TOPICAL TERM
Topical term or geographic name entry element Banks and banking.
650 #0 - SUBJECT ADDED ENTRY--TOPICAL TERM
Topical term or geographic name entry element Monetary policy
650 #0 - SUBJECT ADDED ENTRY--TOPICAL TERM
Topical term or geographic name entry element International finance.
942 ## - ADDED ENTRY ELEMENTS (KOHA)
Source of classification or shelving scheme Dewey Decimal Classification
Koha item type BOOKs
Holdings
Withdrawn status Lost status Damaged status Not for loan Home library Current library Shelving location Date acquired Cost, normal purchase price Total Checkouts Full call number Barcode Date last seen Date last checked out Price effective from Koha item type
        NLS NLS   30/05/2017 200.00 1 332.1 HUB 18999 05/06/2023 29/04/2023 30/05/2017 BOOKs